| 000 | 01492nam a2200253Ia 4500 | ||
|---|---|---|---|
| 999 |
_c51581 _d51581 |
||
| 001 | 18572 | ||
| 003 | GE_BSU | ||
| 005 | 20200315201138.0 | ||
| 008 | 181216s2016||||ge |||||||||||||| ||geo|| | ||
| 020 | _a9789941241475(წიგნი 18) | ||
| 040 | _cGE_BSU | ||
| 041 | _ageo | ||
| 080 | _a94(479.22) + 39 + 81 + 7 ქ-27 | ||
| 245 |
_aქართველები : _b ყველაფერი ქართველთა კულტურისა და ეთნოსის შესახებ / _cრედ. ლიანა ბერიაშვილი, ლიანა მელიქიშვილი ; დიზაინერი დათო მოსიაშვილი. |
||
| 250 | _aსამაგიდო წიგნების უნივერსალური ათეული : წიგნი 18 | ||
| 264 |
_aთბილისი : _bპალიტრაL, _c2016. |
||
| 300 |
_a711გვ. ; _c27 სმ. |
||
| 500 | _aტერმინთა განმარტება გვ. 634-709 ; შემოკლებათა გან. გვ. 710-711. | ||
| 653 | _aსაქართველოს ისტორია | ||
| 700 |
_aბერიაშვილი, ლიანა _eრედაქტორი _97741 |
||
| 700 |
_aმელიქიშვილი, ლიანა _eრედაქტორი _97742 |
||
| 700 |
_a მოსიაშვილი, დათო _eდიზაინერი _97743 |
||
| 942 |
_cBK _2udc |
||